00708nam a22002057a 4500999001900000005001700019010001300036020001000049035001300059037001400072082001100086100002000097245005000117246004700167260004200214270006200256300002000318942003000338952013400368 c170934d17093420191230172241.0 aA-586536 c20.00 aA-586536 bBPPD/Pub. a270.32 aعلی اصغر aحیات رسول اللہ /cعلی اصغر aHayat Rasool Allah (Urdu) /bby Ali Asghar aNew DelhibAbdul Malik Fahimc1992 ء aMaktaba, 2241, Kucha Chalan, DaryaganjbNew Delhie110002 a255p.c18cm(Hb) 2ddccURh270.32mم ح م 001040708NFICaLbLd2019-12-30eBPPD/Ven.g20.00l0o270.32 م ح مpA-586536r2019-12-30 00:00:00t1v20.00w2019-12-30yUR